000 01124cam a2200349 a 4500
001 4447
003 FISKH
005 20250819104312.0
008 031016s2004 nyua b 000 0 eng
010 _a 2003022877
020 _a0060731931
020 _a9780545512114
040 _aDLC
_cDLC
_dDLC
_beng
050 _aN72.M3
082 _a701.8
100 1 _aMicklethwait, Lucy.
245 1 0 _aI spy shapes in art /
_cdevised & selected by Lucy Micklethwait.
260 _aNew York :
_bScholastic,
_c2004.
300 _a28 unnumbered pages :
_bcolor illustrations ;
_c28 cm
505 _aaa
520 _aPresents objects with the shape of a heart, a triangle, a square and other shapes through paintings by such artists as Magritte, Escher, and Matisse.
521 8 _a50
_bLexile
521 8 _aaa
_bRaz-Plus
650 0 _aGeometry in art
_vJuvenile literature.
650 0 _aArt appreciation
_vJuvenile literature.
650 1 _aGeometry in art.
650 1 _aShape.
650 1 _aArt appreciation.
906 _a7
_bcbc
_corignew
_d1
_eecip
_f20
_gy-gencatlg
942 _2ddc
_cBK
_n0
999 _c4447
_d4447